| 000 | 00488nam a2200181 a 4500 | ||
|---|---|---|---|
| 005 | 20140310183545.0 | ||
| 008 | 111111s19uu xx 00 eng d | ||
| 020 | _a9780070172647 | ||
| 050 |
_aQD 31.3 _b.C38 2010 |
||
| 100 | _aChang, Raymond | ||
| 245 |
_aChemistry / _cRaymond Chang. |
||
| 250 | _a10th ed. | ||
| 260 |
_aNew York : _bMcGraw-Hill, _c2010. |
||
| 300 |
_a[1135] p. : _bco. ill. ; _c26 cm. |
||
| 650 |
_aChemistry _xTextbooks |
||
| 942 |
_cBK _2lcc _kFOR |
||
| 999 |
_c24864 _d24864 |
||